000 00884nam a2200229 a 4500
001 44656
003 BD-RjUL
005 20211209053909.0
008 160718s2016 bg ||||| |||| 00| 0 ben d
020 _a9789849193777
_c: Tk. 200.00
035 _a(BD-RjUL)44774
040 _aBD-RjUL
_bben
_cBD-RjUL
_dBD-RjUL
041 _aben
082 _223
_a523.2
_bBHS 2016
100 _aভট্টাচার্য, শিশিরকুমার
_9121780
245 _aসৌরজগৎ :
_bসৃষ্টি ও নানা প্রসঙ্গ /
_cশিশিরকুমার ভট্টাচার্য
260 _aঢাকা :
_bবিশ্বসাহিত্য ভবন,
_c২০১৬
300 _a১০৭, [১] পৃ. :
_bচিত্র ;
_c২২ সেমি.
650 _aসৌরজগত
_9136976
650 _aSolar System
_9136977
942 _2ddc
_cBK
999 _c44656
_d44656